[Event "Europe Echecs online op April"]
[Site "Europe Echecs INT"]
[Date "2020.04.11"]
[Round "6"]
[White "Wunderman, Xavier"]
[Black "Rouast, Joseph"]
[Result "1-0"]
[WhiteElo "2205"]
[BlackElo "1865"]
[PlyCount "127"]
[EventDate "2020.04.11"]
[EventType "swiss (blitz)"]
[EventRounds "11"]
[EventCountry "FRA"]
[SourceTitle "EXT 2021"]
[Source "ChessBase"]
[SourceDate "2020.10.23"]
[SourceVersion "1"]
[SourceVersionDate "2020.10.23"]
[SourceQuality "1"]

1. e4 c5 2. Nc3 Nc6 3. Bb5 g6 4. Bxc6 dxc6 5. f4 Bg7 6. Nf3 Bg4 7. 0-0 e6 8. h3 Bxf3 9. Qxf3 Ne7 10. d3 0-0 11. Kh1 c4 12. Rd1 cxd3 13. Rxd3 Qc7 14. g4 Rad8 15. Re3 f5 16. gxf5 exf5 17. e5 Nd5 18. Nxd5 Rxd5 19. c4 Rd4 20. b3 Rfd8 21. Bb2 Rd2 22. Bc3 R2d7 23. Rae1 Re7 24. Bb4 c5 25. Bc3 Re6 26. Rd3 Ree8 27. Red1 Rxd3 28. Qxd3 Qc6+ 29. Qd5+ Qe6 30. Qxc5 g5 31. Rd6 Qf7 32. Qd4 Qh5 33. Kg2 Qe2+ 34. Qf2 Qe4+ 35. Qf3 gxf4 36. Rd5 Re6 37. Kf2 Bxe5 38. Qxe4 fxe4 39. Rxe5 e3+ 40. Kf3 Rh6 41. Kxf4 Rxh3 42. Rxe3 Rh2 43. Rg3+ Kf7 44. Rg7+ Ke6 45. Rxb7 Rxa2 46. Rxh7 Ra3 47. Rb7 Kd6 48. Ke4 a5 49. Kd4 a4 50. Bb4+ Kc6 51. Bxa3 Kxb7 52. bxa4 Kc6 53. Kc3 Kb6 54. Kb4 Kc6 55. a5 Kb7 56. Bc1 Kc6 57. c5 Kb7 58. Kb5 Kc7 59. a6 Kb8 60. Kb6 Ka8 61. c6 Kb8 62. c7+ Kc8 63. a7 Kd7 64. a8Q 1-0

[Event "EU-Cup 34th"]
[Site "Porto Carras"]
[Date "2018.10.16"]
[Round "5.4"]
[White "Wunderman, Xavier"]
[Black "Pein, Malcolm"]
[Result "1-0"]
[WhiteElo "2139"]
[BlackElo "2327"]
[PlyCount "59"]
[EventDate "2018.10.12"]
[EventType "team-swiss"]
[EventRounds "7"]
[EventCountry "GRE"]
[SourceTitle "CBM 187"]
[Source "ChessBase"]
[SourceDate "2018.12.11"]
[SourceVersion "1"]
[SourceVersionDate "2018.12.11"]
[SourceQuality "1"]
[WhiteTeam "Bois Colombes"]
[BlackTeam "Wood Green"]
[WhiteTeamCountry "FRA"]
[BlackTeamCountry "ENG"]

1. e4 e5 2. Bc4 Nf6 3. d3 c6 4. Bb3 d5 5. Nf3 a5 6. c3 Bd6 7. Bg5 dxe4 8. dxe4 Na6 9. Nbd2 b5 10. 0-0 a4 11. Bc2 h6 12. Bh4 Qe7 13. Nxe5 Bxe5 14. f4 Bxf4 15. Rxf4 g5 16. Rxf6 Qxf6 17. Bf2 Qg6 18. Nf3 Bg4 19. Qd4 0-0 20. Ne5 Qe6 21. Nxg4 Qxg4 22. h3 Qe6 23. Rd1 Rfd8 24. Qb6 Rxd1+ 25. Bxd1 c5 26. Qxb5 Rb8 27. Qxa4 Rxb2 28. Bb3 Qe5 29. g3 Qxe4 30. Qxe4 1-0

[Event "FRA-ch Accession"]
[Site "Pau"]
[Date "2012.08.14"]
[Round "1"]
[White "Wunderman, Xavier"]
[Black "Lazarev, Vladimir"]
[Result "0-1"]
[WhiteElo "2240"]
[BlackElo "2442"]
[PlyCount "84"]
[EventDate "2012.08.14"]
[EventType "swiss"]
[EventRounds "11"]
[EventCountry "FRA"]
[SourceTitle "CBM 150 Extra"]
[Source "ChessBase"]
[SourceDate "2012.10.19"]
[SourceVersion "1"]
[SourceVersionDate "2012.10.19"]
[SourceQuality "1"]

1. e4 c5 2. Nc3 e6 3. g3 Nc6 4. Bg2 g6 5. d3 Bg7 6. Be3 d6 7. Qd2 Qa5 8. Nge2 Nd4 9. Nf4 Bd7 10. 0-0 Rc8 11. Kh1 Ne7 12. a3 b5 13. Rad1 Qc7 14. Nb1 0-0 15. c3 e5 16. Ne2 Nxe2 17. Qxe2 Nc6 18. Nd2 a5 19. f4 exf4 20. Bxf4 f5 21. d4 cxd4 22. Qxb5 Kh8 23. Qd5 Be5 24. cxd4 Nxd4 25. Rc1 Bc6 26. Bxe5+ dxe5 27. Qc5 a4 28. Rf2 Qg7 29. Qa5 f4 30. gxf4 exf4 31. Rc3 g5 32. h3 Rb8 33. Nc4 Rb5 34. Qa6 Ra8 35. Qxa8+ Bxa8 36. Nd6 Rb8 37. Rd2 f3 38. Bf1 Rf8 39. Rcd3 Ne6 40. Rf2 g4 41. Re3 Qd4 42. Nc4 g3 0-1

[Event "Paris-ch op-A 87th"]
[Site "Paris"]
[Date "2012.07.13"]
[Round "7"]
[White "Wunderman, Xavier"]
[Black "Payen, Arnaud"]
[Result "0-1"]
[WhiteElo "2240"]
[BlackElo "2351"]
[PlyCount "92"]
[EventDate "2012.07.07"]
[EventType "swiss"]
[EventRounds "9"]
[EventCountry "FRA"]
[SourceTitle "CBM 149 Extra"]
[Source "ChessBase"]
[SourceDate "2012.08.24"]
[SourceVersion "1"]
[SourceVersionDate "2012.08.24"]
[SourceQuality "1"]

1. a3 d5 2. d4 Bg4 3. Bf4 e6 4. c4 c6 5. Nc3 Nd7 6. Qb3 Qb6 7. Qxb6 axb6 8. f3 Bh5 9. e4 dxc4 10. Bxc4 b5 11. Ba2 b4 12. axb4 Bxb4 13. Nge2 Ne7 14. Kf2 0-0 15. h4 h6 16. g4 Bg6 17. h5 Bh7 18. g5 hxg5 19. Bxg5 Ra5 20. Rag1 Kh8 21. Bb3 e5 22. h6 g6 23. Be3 f5 24. dxe5 Nxe5 25. Bc2 fxe4 26. Bxe4 g5 27. Kg2 Bxe4 28. Nxe4 Nf5 29. Bxg5 Be7 30. f4 Nc4 31. b3 Ra2 32. Kf3 Ra3 33. Rb1 Bxg5 34. fxg5 Nd4+ 35. Kg4 Ne3+ 36. Kh5 Nxe2 37. Rbe1 Nf4+ 38. Kh4 Neg2+ 39. Kg4 Nxe1 40. Rxe1 Ng6 41. Nf6 Rxb3 42. Kf5 Nh4+ 43. Kg4 Rb4+ 44. Kh5 Ng2 45. g6 Nf4+ 46. Kg5 Rb5+ 0-1

[Event "Paris-ch op-A 87th"]
[Site "Paris"]
[Date "2012.07.12"]
[Round "6"]
[White "Shirazi, Kamran"]
[Black "Wunderman, Xavier"]
[Result "1-0"]
[WhiteElo "2417"]
[BlackElo "2240"]
[PlyCount "85"]
[EventDate "2012.07.07"]
[EventType "swiss"]
[EventRounds "9"]
[EventCountry "FRA"]
[SourceTitle "CBM 149 Extra"]
[Source "ChessBase"]
[SourceDate "2012.08.24"]
[SourceVersion "1"]
[SourceVersionDate "2012.08.24"]
[SourceQuality "1"]

1. e4 c5 2. Nf3 e6 3. b3 Nc6 4. Bb2 a6 5. c4 d6 6. d4 cxd4 7. Nxd4 Bd7 8. Nc2 Nf6 9. Nc3 Be7 10. Bd3 Ne5 11. Be2 0-0 12. 0-0 Ng6 13. Re1 Rc8 14. Bf1 Qc7 15. Rc1 Rfd8 16. Qd2 Qb8 17. Nd4 Qa7 18. Kh1 Bf8 19. f3 Be8 20. Rcd1 Qb8 21. Bd3 Ne5 22. Bf1 Nc6 23. Nc2 Be7 24. Qf2 Ne5 25. f4 Neg4 26. Qf3 Qa7 27. Nd4 e5 28. Nd5 Nxd5 29. exd5 Bd7 30. h3 Nh6 31. fxe5 dxe5 32. Rxe5 Re8 33. Rh5 f6 34. Bd3 b5 35. d6 Bxd6 36. Rxh6 gxh6 37. Qd5+ Kg7 38. Qxd6 Qc7 39. Nf5+ Bxf5 40. Qxf6+ Kg8 41. Qh8+ Kf7 42. Qg7+ Ke6 43. Qf6+ 1-0

[Event "Syre Memorial op 34th"]
[Site "Issy les Moulineaux"]
[Date "2011.06.04"]
[Round "4"]
[White "Wunderman, Xavier"]
[Black "Mondon, Fabrice"]
[Result "1-0"]
[WhiteElo "2213"]
[BlackElo "1995"]
[PlyCount "43"]
[EventDate "2011.06.03"]
[EventType "swiss"]
[EventRounds "6"]
[EventCountry "FRA"]
[SourceTitle "EXT 2012"]
[Source "ChessBase"]
[SourceDate "2011.11.24"]
[SourceVersion "1"]
[SourceVersionDate "2011.11.24"]
[SourceQuality "1"]

1. e4 d5 2. exd5 Qxd5 3. Nf3 Nf6 4. Be2 e5 5. Nc3 Qa5 6. 0-0 c6 7. Re1 Bd6 8. d4 exd4 9. Qxd4 Bc5 10. Bc4+ Be6 11. Qh4 0-0 12. Bxe6 fxe6 13. Rxe6 Nbd7 14. Be3 Bxe3 15. Rxe3 Qf5 16. Nd4 Qg6 17. Rg3 Qh5 18. Qxh5 Nxh5 19. Re3 Rae8 20. Ne6 Rf7 21. Rae1 Rfe7 22. h3 1-0

[Event "Paris-ch op-A"]
[Site "Paris"]
[Date "2010.07.08"]
[Round "6"]
[White "Wunderman, Xavier"]
[Black "Peric, Slavisa"]
[Result "1-0"]
[WhiteElo "2173"]
[BlackElo "2215"]
[PlyCount "69"]
[EventDate "2010.07.03"]
[EventType "swiss"]
[EventRounds "9"]
[EventCountry "FRA"]
[SourceTitle "CBM 137 Extra"]
[Source "ChessBase"]
[SourceDate "2010.09.01"]
[SourceVersion "1"]
[SourceVersionDate "2010.09.01"]
[SourceQuality "1"]

1. e4 e6 2. d4 d5 3. exd5 exd5 4. Bd3 Qf6 5. Nf3 h6 6. 0-0 Bd6 7. b3 Bg4 8. Qe1+ Ne7 9. Ne5 Bf5 10. Bxf5 Qxf5 11. Ba3 Qxc2 12. Bxd6 cxd6 13. Na3 Qc7 14. Rc1 Nbc6 15. Nb5 Qb8 16. Rxc6 dxe5 17. Rc7 Nc6 18. Rxb7 Qd8 19. Nc7+ Kf8 20. Nxa8 Qxa8 21. Rb5 f6 22. dxe5 Nd4 23. Qb4+ Kf7 24. Rb7+ Kg6 25. f4 Ne6 26. Qe7 Rg8 27. Rf3 Nc5 28. Rxa7 Qf8 29. Qxf8 Rxf8 30. Ra5 Ne4 31. Rxd5 f5 32. a4 Rc8 33. Rd1 Rc2 34. Ra1 Rb2 35. a5 1-0

[Event "FRA-chT2 0910"]
[Site "France"]
[Date "2009.11.22"]
[Round "4.3"]
[White "Wunderman, Xavier"]
[Black "Krauss, Michel"]
[Result "0-1"]
[WhiteElo "2169"]
[BlackElo "2120"]
[PlyCount "98"]
[EventDate "2009.09.27"]
[EventType "team-tourn"]
[EventRounds "11"]
[EventCountry "FRA"]
[SourceTitle "EXT 2011"]
[Source "ChessBase"]
[SourceDate "2010.11.26"]
[SourceVersion "1"]
[SourceVersionDate "2010.11.26"]
[SourceQuality "1"]

1. e4 e5 2. Nc3 Nf6 3. f4 d5 4. exd5 e4 5. Bb5+ c6 6. dxc6 bxc6 7. Be2 Qd4 8. Kf1 Bd6 9. d3 e3 10. g3 0-0 11. Nf3 Qb6 12. Kg2 Bb7 13. Ne4 Be7 14. c3 c5 15. Nxf6+ Bxf6 16. Qb3 Re8 17. Re1 Qc6 18. a4 a6 19. a5 Nd7 20. Qa4 Qd5 21. Qc4 Qh5 22. h3 g5 23. Ra4 Bc6 24. Ra1 g4 25. hxg4 Qxg4 26. Rh1 h5 27. b4 h4 28. Rh3 Qf5 29. bxc5 Bd5 30. Qa4 Nxc5 31. Qc2 Nb3 32. Rb1 Nxc1 33. Qxc1 Rac8 34. Rb6 Bxf3+ 35. Bxf3 e2 36. Rh1 h3+ 37. Kh2 Bxc3 38. Be4 Qxa5 39. Rh6 Bd2 40. Qb2 Qc3 41. Qb7 e1Q 42. Rxe1 Bxe1 43. Bd5 Bxg3+ 44. Kxh3 Qg7 45. Bxf7+ Kf8 46. Rh5 Be1 47. Qf3 Qxf7 48. Qg4 Re3+ 49. Kh2 Rc2+ 0-1

[Event "FRA-chT2 0910"]
[Site "France"]
[Date "2009.10.18"]
[Round "3.1"]
[White "Jessel, Stephen"]
[Black "Wunderman, Xavier"]
[Result "1-0"]
[WhiteElo "2293"]
[BlackElo "2168"]
[PlyCount "74"]
[EventDate "2009.09.27"]
[EventType "team-tourn"]
[EventRounds "11"]
[EventCountry "FRA"]
[SourceTitle "EXT 2011"]
[Source "ChessBase"]
[SourceDate "2010.11.26"]
[SourceVersion "1"]
[SourceVersionDate "2010.11.26"]
[SourceQuality "1"]

1. Nf3 d5 2. c4 c6 3. g3 Nf6 4. Bg2 Bf5 5. cxd5 cxd5 6. Qb3 Bc8 7. Nc3 Nc6 8. 0-0 d4 9. Nb5 a6 10. Qa4 axb5 11. Qxa8 e5 12. d3 Nd7 13. Nh4 Qc7 14. Bd2 Nb6 15. Bxc6+ bxc6 16. Qa5 Bd6 17. Rfc1 0-0 18. Bb4 Bxb4 19. Qxb4 Na4 20. Rc2 Qd7 21. b3 c5 22. Qa3 Nc3 23. Qxc5 Bb7 24. f3 Rc8 25. Qxe5 Re8 26. Qf5 Qe7 27. Re1 g5 28. Qg4 Qe3+ 29. Kf1 h5 30. Nf5 hxg4 31. Nxe3 Rxe3 32. fxg4 b4 33. Kf2 Bc8 34. a3 Bxg4 35. a4 Re5 36. Rd2 Nd5 37. Ra1 Ne3 1-0

[Event "FRA-ch Accession"]
[Site "Nimes"]
[Date "2009.08.15"]
[Round "5"]
[White "Nass, Emile"]
[Black "Wunderman, Xavier"]
[Result "1-0"]
[WhiteElo "2186"]
[BlackElo "2169"]
[PlyCount "73"]
[EventDate "2009.08.11"]
[EventType "swiss"]
[EventRounds "9"]
[EventCountry "FRA"]
[SourceTitle "CBM 132 Extra"]
[Source "ChessBase"]
[SourceDate "2009.11.03"]
[SourceVersion "1"]
[SourceVersionDate "2009.11.03"]
[SourceQuality "1"]

1. d4 d5 2. Nf3 Nf6 3. c4 c6 4. Nc3 e6 5. g3 Nbd7 6. Bg2 Be7 7. 0-0 dxc4 8. e4 0-0 9. a4 b6 10. Bg5 h6 11. Bxf6 Bxf6 12. e5 Be7 13. Nd2 Qc7 14. Nxc4 Ba6 15. b3 Rad8 16. f4 Nc5 17. Ne2 Bb7 18. Ra2 Na6 19. Rd2 Nb4 20. Nc3 Nd5 21. Nxd5 cxd5 22. Ne3 Ba6 23. Rc2 Qd7 24. Rff2 Rc8 25. h4 Rxc2 26. Rxc2 Rc8 27. f5 Rxc2 28. Qxc2 Qc8 29. fxe6 fxe6 30. Bh3 Qd7 31. Qg6 Bc8 32. Ng4 Kh8 33. Nf6 gxf6 34. Qxh6+ Kg8 35. exf6 Bf8 36. Qg6+ Kh8 37. f7 1-0

[Event "Syre Memorial op 32nd"]
[Site "Issy les Moulineaux"]
[Date "2009.05.21"]
[Round "2"]
[White "Wunderman, Xavier"]
[Black "Valette, Christian"]
[Result "0-1"]
[WhiteElo "2215"]
[BlackElo "2102"]
[PlyCount "61"]
[EventDate "2009.05.21"]
[EventType "swiss"]
[EventRounds "6"]
[EventCountry "FRA"]
[SourceTitle "EXT 2010"]
[Source "ChessBase"]
[SourceDate "2010.11.25"]
[SourceVersion "1"]
[SourceVersionDate "2010.11.25"]
[SourceQuality "1"]

1. e4 e6 2. d3 c5 3. Nf3 Nc6 4. g3 g6 5. Bg2 Bg7 6. 0-0 Nge7 7. c3 0-0 8. Re1 d6 9. a4 a6 10. Be3 Bd7 11. Na3 Qc7 12. Qd2 Rab8 13. d4 Na5 14. dxc5 dxc5 15. Bf4 e5 16. Nxe5 Bxe5 17. Bxe5 Qxe5 18. Qxd7 Rbd8 19. Qg4 Rd2 20. b4 cxb4 21. cxb4 Qd4 22. Qf4 Qxb4 23. Rab1 Qd4 24. Rf1 Nac6 25. h4 Rd8 26. Rbc1 Qxa4 27. Nb1 Rd1 28. Nc3 Rxf1+ 29. Rxf1 Qd4 30. Nd5 Qe5 31. Qh6 0-1

[Event "FRA-chT Top 16 GpA"]
[Site "France"]
[Date "2009.05.02"]
[Round "6"]
[White "Derieux, Christian"]
[Black "Wunderman, Xavier"]
[Result "1-0"]
[WhiteElo "2144"]
[BlackElo "2215"]
[PlyCount "52"]
[EventDate "2009.03.20"]
[EventType "team"]
[EventRounds "7"]
[EventCountry "FRA"]
[SourceTitle "CBM 129 Extra"]
[Source "ChessBase"]
[SourceDate "2009.05.05"]
[SourceVersion "2"]
[SourceVersionDate "2009.05.20"]
[SourceQuality "1"]

1. d4 d5 2. c4 c6 3. Nf3 Nf6 4. Nc3 dxc4 5. e4 b5 6. e5 Nd5 7. Ng5 h6 8. Nge4 Bf5 9. g4 Bxe4 10. Nxe4 e6 11. Bg2 Nd7 12. a4 Qa5+ 13. Kf1 Be7 14. h4 0-0-0 15. Rh3 f6 16. Bd2 b4 17. exf6 gxf6 18. Qe2 N7b6 19. Nc5 e5 20. Ne6 Rd6 21. Ng7 Rd7 22. Nf5 c3 23. bxc3 bxc3 24. Be1 Bb4 25. dxe5 Nf4 26. Qf3 Nfd5 1-0

[Event "Cap d'Agde CCAS op"]
[Site "Cap d'Agde"]
[Date "2008.10.27"]
[Round "3"]
[White "Wunderman, Xavier"]
[Black "Ivanov, Jordan"]
[Result "0-1"]
[WhiteElo "2164"]
[BlackElo "2428"]
[PlyCount "62"]
[EventDate "2008.10.25"]
[EventType "swiss"]
[EventRounds "9"]
[EventCountry "FRA"]
[SourceTitle "CBM 127 Extra"]
[Source "ChessBase"]
[SourceDate "2009.01.08"]
[SourceVersion "2"]
[SourceVersionDate "2009.01.28"]
[SourceQuality "1"]

1. e4 c5 2. Nc3 Nc6 3. Bb5 Nd4 4. Bc4 e6 5. Nf3 Nf6 6. 0-0 a6 7. d3 Qc7 8. a4 Bd6 9. h3 0-0 10. Bg5 Nxf3+ 11. Qxf3 Be5 12. Qe2 h6 13. Bd2 d6 14. Kh1 Bd7 15. f4 Bd4 16. Ba2 Bc6 17. Nd1 c4 18. Bxc4 d5 19. exd5 exd5 20. Bb3 Rfe8 21. Qf3 Ba7 22. Nf2 d4 23. Qg3 Re2 24. Rad1 Rae8 25. Rfe1 Nh5 26. Qh4 Rxe1+ 27. Rxe1 Rxe1+ 28. Bxe1 Nxf4 29. Ne4 Bxe4 30. dxe4 d3 31. Bd2 Ne2 0-1

[Event "FRA-ch Accession"]
[Site "Pau"]
[Date "2008.08.12"]
[Round "1"]
[White "Wunderman, Xavier"]
[Black "Vernay, Clovis"]
[Result "1-0"]
[WhiteElo "2182"]
[BlackElo "2345"]
[PlyCount "59"]
[EventDate "2008.08.11"]
[EventType "swiss"]
[EventRounds "9"]
[EventCountry "FRA"]
[SourceTitle "CBM 126 Extra"]
[Source "ChessBase"]
[SourceDate "2008.11.05"]
[SourceVersion "1"]
[SourceVersionDate "2008.11.05"]
[SourceQuality "1"]

1. e4 c5 2. Nc3 Nc6 3. Bb5 e6 4. Bxc6 bxc6 5. Nf3 d5 6. d3 Nf6 7. 0-0 Be7 8. Re1 0-0 9. Bg5 Ba6 10. b3 h6 11. Bd2 Rc8 12. e5 Nd7 13. Na4 c4 14. dxc4 dxc4 15. Be3 Qc7 16. Qd4 c5 17. Qg4 Nxe5 18. Nxe5 Qxe5 19. Bxc5 Qc7 20. Bd4 g6 21. Rxe6 Kh7 22. Rxa6 cxb3 23. Rxa7 Qxc2 24. axb3 Bd6 25. Be3 Be5 26. Rf1 Qxb3 27. Nb6 Rce8 28. Nd7 Rg8 29. Nxe5 Rxe5 30. Qf4 1-0

[Event "Avoine op 23rd"]
[Site "Avoine"]
[Date "2008.07.25"]
[Round "7"]
[White "Wunderman, Xavier"]
[Black "Bry, Stephane"]
[Result "1/2-1/2"]
[WhiteElo "2180"]
[BlackElo "2076"]
[PlyCount "127"]
[EventDate "2008.07.19"]
[EventType "swiss"]
[EventRounds "9"]
[EventCountry "FRA"]
[SourceTitle "CBM 125 Extra"]
[Source "ChessBase"]
[SourceDate "2008.09.01"]
[SourceVersion "1"]
[SourceVersionDate "2008.09.01"]
[SourceQuality "1"]

1. e4 e6 2. d3 d5 3. Qe2 Be7 4. c3 Nf6 5. Nf3 c5 6. g3 Nc6 7. e5 Nd7 8. Bg2 0-0 9. 0-0 b5 10. h4 a5 11. Bf4 c4 12. d4 b4 13. Re1 Na7 14. Bh3 Nb5 15. Ng5 Nb6 16. Qc2 g6 17. Nf3 Bd7 18. Qd2 Na4 19. Bh6 Re8 20. Qf4 Bf8 21. Bxf8 Rxf8 22. h5 Kg7 23. Kg2 Nxb2 24. Rh1 Nd3 25. Qe3 f6 26. hxg6 hxg6 27. Bf5 exf5 28. Qh6+ Kf7 29. Qh7+ Ke6 30. Qxg6 Be8 31. Ng5+ Kd7 32. Qxf5+ Kc6 33. Rh6 Kb7 34. exf6 Ra6 35. Nh7 Rf7 36. g4 Qd7 37. Qxd7+ Bxd7 38. g5 Bf5 39. a4 Na7 40. Kf1 Bxh7 41. Rxh7 Rxh7 42. g6 Rxf6 43. gxh7 Rh6 44. cxb4 axb4 45. Nd2 Rxh7 46. Ke2 Rh2 47. Rf1 b3 48. Nxb3 cxb3 49. Kxd3 Nc6 50. Kc3 Kc7 51. Kxb3 Nxd4+ 52. Kb4 Kd6 53. f4 Rh5 54. a5 Nc6+ 55. Kb5 Rf5 56. Kb6 Nxa5 57. Kxa5 d4+ 58. Kb4 Kd5 59. Kb3 Ke4 60. Kc2 Rxf4 61. Rxf4+ Kxf4 62. Kd3 Ke5 63. Kd2 Ke4 64. Ke2 1/2-1/2

[Event "Avoine op 23rd"]
[Site "Avoine"]
[Date "2008.07.21"]
[Round "3"]
[White "Wunderman, Xavier"]
[Black "Payen, Arnaud"]
[Result "0-1"]
[WhiteElo "2180"]
[BlackElo "2372"]
[PlyCount "118"]
[EventDate "2008.07.19"]
[EventType "swiss"]
[EventRounds "9"]
[EventCountry "FRA"]
[SourceTitle "CBM 125 Extra"]
[Source "ChessBase"]
[SourceDate "2008.09.01"]
[SourceVersion "1"]
[SourceVersionDate "2008.09.01"]
[SourceQuality "1"]

1. e4 e5 2. f4 exf4 3. Bc4 Ne7 4. Nc3 Ng6 5. Nf3 Be7 6. d4 c6 7. 0-0 0-0 8. Ne2 d5 9. exd5 cxd5 10. Bb3 Nc6 11. c3 Na5 12. Bc2 Bd6 13. Qd3 Nc4 14. b3 Ne3 15. Bxe3 fxe3 16. Qxe3 Re8 17. Qd3 Bg4 18. h3 Bd7 19. Rf2 Qe7 20. Raf1 Qe3 21. Ne5 Qxd3 22. Nxd3 Bb5 23. a4 Ba6 24. Rd1 Rac8 25. Rd2 Re3 26. Rf3 Rxf3 27. gxf3 b6 28. Kf2 Kf8 29. Rd1 Rc7 30. a5 Bc8 31. axb6 axb6 32. b4 Ra7 33. Bb3 Be6 34. Ne1 Ra3 35. Rb1 Bf5 36. Rb2 Nf4 37. h4 Ke7 38. Ke3 Nxe2 39. Kxe2 Bg3 40. Ng2 Kd6 41. Ne3 Be6 42. Nc2 Ra7 43. h5 Re7 44. Ne3 f5 45. Nf1 Bd7+ 46. Kd3 Bf4 47. c4 dxc4+ 48. Bxc4 Be8 49. Ra2 Bxh5 50. Ra6 Bxf3 51. Rxb6+ Kc7 52. Re6 Be4+ 53. Ke2 Rxe6 54. Bxe6 h5 55. Bc4 h4 56. Kf2 g5 57. Kg1 g4 58. Be2 h3 59. Nh2 Be3+ 0-1

[Event "Avoine op 23rd"]
[Site "Avoine"]
[Date "2008.07.19"]
[Round "1"]
[White "Wunderman, Xavier"]
[Black "Prevot, Rodolphe"]
[Result "1-0"]
[WhiteElo "2180"]
[BlackElo "1964"]
[PlyCount "51"]
[EventDate "2008.07.19"]
[EventType "swiss"]
[EventRounds "9"]
[EventCountry "FRA"]
[SourceTitle "CBM 125 Extra"]
[Source "ChessBase"]
[SourceDate "2008.09.01"]
[SourceVersion "1"]
[SourceVersionDate "2008.09.01"]
[SourceQuality "1"]

1. e4 b6 2. Nc3 Bb7 3. d4 e6 4. Nf3 Bb4 5. Bd3 Nf6 6. e5 Ne4 7. 0-0 Bxc3 8. bxc3 Nxc3 9. Qe1 Bxf3 10. gxf3 Nd5 11. c4 Ne7 12. Ba3 Nbc6 13. Qe4 f5 14. exf6 gxf6 15. Kh1 f5 16. Qe3 Kf7 17. d5 Na5 18. Rae1 Qc8 19. dxe6+ dxe6 20. Bxe7 Kxe7 21. Bxf5 Nxc4 22. Qg5+ Kd6 23. Rxe6+ Qxe6 24. Bxe6 Kxe6 25. Re1+ Kd6 26. Rd1+ 1-0

[Event "Syre Memorial op 31st"]
[Site "Issy les Moulineaux"]
[Date "2008.05.03"]
[Round "5"]
[White "Delalande, Herve"]
[Black "Wunderman, Xavier"]
[Result "0-1"]
[WhiteElo "1902"]
[BlackElo "2180"]
[PlyCount "49"]
[EventDate "2008.05.01"]
[EventType "swiss"]
[EventRounds "6"]
[EventCountry "FRA"]
[SourceTitle "EXT 2010"]
[Source "ChessBase"]
[SourceDate "2010.11.25"]
[SourceVersion "1"]
[SourceVersionDate "2010.11.25"]
[SourceQuality "1"]

1. e4 Nf6 2. Nc3 d5 3. exd5 Nxd5 4. Nxd5 Qxd5 5. Qf3 Qd6 6. Bc4 e6 7. c3 Be7 8. d4 Bd7 9. Bf4 Qb6 10. Bb3 a5 11. Qg3 a4 12. Bxc7 Qb5 13. Bxb8 axb3 14. a3 0-0 15. Be5 f6 16. Bd6 Bxd6 17. Qxd6 Bc6 18. Qg3 e5 19. 0-0-0 exd4 20. Nf3 dxc3 21. Nd4 Qa6 22. Qxc3 Rac8 23. Nf5 Rc7 24. Rhe1 Qb6 25. Re7 0-1

[Event "FRA-chT1B 0708"]
[Site "France"]
[Date "2007.10.21"]
[Round "1.7"]
[White "Wunderman, Xavier"]
[Black "Touze, Jean Paul"]
[Result "1-0"]
[WhiteElo "2092"]
[BlackElo "2082"]
[PlyCount "61"]
[EventDate "2007.10.21"]
[EventType "team"]
[EventRounds "11"]
[EventCountry "FRA"]
[SourceTitle "EXT 2009"]
[Source "ChessBase"]
[SourceDate "2008.11.26"]
[SourceVersion "1"]
[SourceVersionDate "2008.11.26"]
[SourceQuality "1"]
[WhiteTeam "Lutece"]
[BlackTeam "Belfort"]
[WhiteTeamCountry "FRA"]
[BlackTeamCountry "FRA"]

1. e4 g6 2. d4 Bg7 3. Nc3 c6 4. Bc4 b5 5. Bb3 a5 6. a3 e6 7. e5 Bb7 8. Ne4 Ra7 9. Bg5 f6 10. Qf3 d5 11. Nxf6+ Bxf6 12. exf6 Kf7 13. Qf4 Nd7 14. Nf3 h6 15. 0-0 Ndxf6 16. Rfe1 Kg7 17. Bxf6+ Nxf6 18. Rxe6 Rf8 19. Rae1 Bc8 20. Rxc6 Ne4 21. Qe5+ Nf6 22. Rd6 Qc7 23. Rxd5 a4 24. Ba2 Qxc2 25. Rc5 Qxb2 26. Rc7+ Rxc7 27. Qxc7+ Kh8 28. Qe7 Nd7 29. Be6 Rxf3 30. gxf3 Qxd4 31. Bxd7 1-0